000 00971nam a2200289 i 4500
001 bgj
245 1 0 _aDuden :
_bHerkunftswörterbuch : Etymologie der deutschen Sprache /
_chrsg. von der Dudenredaktion auf den Grundlage der neuen amtlichen Rechtschreibregeln ; [red. bearb., Anette Auberle ; Annette Klosa].
246 _aHerkunftswörterbuch :
_bEtymologie der deutschen Sprache.
250 _aWyd. 3.
260 _aMannheim :
_bDudenverlag,
_c2001.
300 _a960 s. :
_bwykr. ;
_c20 cm.
490 0 _aDer Duden in zwölf Bänden ;
_vBd. 7
650 9 _aJęzyk niemiecki
655 _aSłowniki
700 1 _aAUBERLE, Anette.
700 1 _aKLOSA, Annette.
710 _aDudenredaktion (Bibliographisches Institut).
830 _aDuden in 12 Bänden
020 _a3411040734
040 _cBPK
041 0 _ager
044 _aDEU
080 _a811.112.2(03)
920 _a3-411-04073-4
942 _cKS
008 s gw f |000 0 ger
999 _c49421
_d49421
856 _uhttp://koha.tu.koszalin.pl/cgi-bin/koha/opac-detail.pl?biblionumber=49421
_yKatalog online BPK